[Event "FB21 2324 SG Leipzig - SV Merseburg"]
[Site "?"]
[Date "2024.03.24"]
[Round "7.1"]
[White "Safonova, Valeriia"]
[Black "Gempe, Anet"]
[Result "1/2-1/2"]
[WhiteElo "1831"]
[BlackElo "1961"]
[PlyCount "34"]
[EventDate "2024.??.??"]

1. e4 e6 2. d4 d5 3. Nc3 Nf6 4. e5 Nfd7 5. f4 c5 6. Nf3 Nc6 7. Be3 a6 8. Qd2 b5 9. Be2 Qb6 10. dxc5 Bxc5 11. Bxc5 Nxc5 12. Bd3 b4 13. Nd1 a5 14. Nf2 Ba6 15. Bxa6 Rxa6 16. O-O Ne4 17. Qe2 Ne7 1/2-1/2

[Event "FB21 2324 SG Leipzig - SV Merseburg"]
[Site "?"]
[Date "2024.03.24"]
[Round "7.2"]
[White "Beltz, Martina"]
[Black "Hartung, Katja"]
[Result "0-1"]
[WhiteElo "1951"]
[BlackElo "1945"]
[PlyCount "82"]
[EventDate "2024.??.??"]

1. d4 d5 2. Nf3 e6 3. e3 c6 4. Bd3 f5 5. O-O Nf6 6. b3 Bd6 7. c4 O-O 8. Ba3 Bxa3 9. Nxa3 Ne4 10. Rc1 Nd7 11. Nc2 Ndf6 12. Ne5 Bd7 13. f3 Ng5 14. Qe1 Be8 15. Qb4 Rb8 16. Qa3 Ra8 17. b4 a6 18. Qb3 Nf7 19. a4 Nd7 20. Nxd7 Bxd7 21. e4 dxe4 22. fxe4 e5 23. exf5 exd4 24. Nxd4 Ne5 25. c5+ Kh8 26. Bb1 Qh4 27. Rcd1 Rae8 28. Nf3 Nxf3+ 29. Qxf3 Be6 30. Qf4 Qxf4 31. Rxf4 Bd5 32. Kf2 Re5 33. g4 Rfe8 34. Bd3 Bb3 35. Ra1 Rd8 36. Bc4 Rd2+ 37. Kg3 Re3+ 38. Kh4 h6 39. Rh1 Bc2 40. Kh5 Kh7 41. Bf7 Rh3# 0-1

[Event "FB21 2324 SG Leipzig - SV Merseburg"]
[Site "?"]
[Date "2024.03.24"]
[Round "7.3"]
[White "Pflug, Tanja"]
[Black "Petri, Birgit"]
[Result "0-1"]
[WhiteElo "1969"]
[BlackElo "1986"]
[PlyCount "76"]
[EventDate "2024.??.??"]

1. d4 d5 2. Nf3 Nf6 3. c3 c5 4. Bf4 Nc6 5. e3 Qb6 6. Na3 Bf5 7. Nb5 Rc8 8. dxc5 Qd8 9. Nbd4 Bd7 10. b4 e6 11. Bd3 Be7 12. h3 O-O 13. O-O Re8 14. Nxc6 Rxc6 15. Ne5 Rc8 16. Bg5 b6 17. Ba6 Rc7 18. c6 Bxc6 19. Nxc6 Rxc6 20. Bb5 Rxc3 21. Bxe8 Qxe8 22. a3 h6 23. Bf4 Rc4 24. Rc1 b5 25. Be5 Nd7 26. Bb2 Nf6 27. Re1 Qb8 28. Re2 Ne4 29. f3 Ng3 30. Rec2 Nf5 31. Rxc4 bxc4 32. Qd2 Qg3 33. Qf2 Qg6 34. e4 Bh4 35. Qxa7 Ng3 36. Rc2 dxe4 37. fxe4 Qxe4 38. Qd4 Qe1+ 0-1

[Event "FB21 2324 SG Leipzig - SV Merseburg"]
[Site "?"]
[Date "2024.03.24"]
[Round "7.4"]
[White "Lobe, Sandra"]
[Black "Eue, Vicky"]
[Result "1-0"]
[WhiteElo "1881"]
[BlackElo "1812"]
[PlyCount "83"]
[EventDate "2024.??.??"]

1. Nf3 Nf6 2. g3 d5 3. Bg2 Bf5 4. d3 e6 5. Nbd2 c5 6. Nh4 Bg6 7. Nxg6 hxg6 8. e4 d4 9. e5 Nd5 10. Qe2 Nc6 11. O-O Be7 12. Nf3 Qd7 13. Re1 O-O-O 14. a3 Rde8 15. Qe4 Bd8 16. Bd2 a6 17. Rac1 Kb8 18. c4 dxc3 19. bxc3 Nb6 20. Be3 Be7 21. Rb1 Nd5 22. Bd2 Ka7 23. c4 Nb6 24. Rb3 Rb8 25. Reb1 Na4 26. Qe1 Rhc8 27. Qd1 Nd8 28. d4 cxd4 29. Nxd4 Nc5 30. Be3 b6 31. R3b2 Qc7 32. a4 Qd7 33. a5 Qa4 34. axb6+ Rxb6 35. Qxa4 Nxa4 36. Rxb6 Nxb6 37. Nxe6 Rb8 38. Nxd8 Bxd8 39. Rd1 a5 40. c5 Nc4 41. Rd7+ Ka6 42. Bf1 1-0

[Event "FB21 2324 SZ Seeblick Dippoldiswalde - S"]
[Site "?"]
[Date "2024.03.24"]
[Round "7.1"]
[White "Burchardt, Brigitte"]
[Black "Peglau, Charis"]
[Result "0-1"]
[WhiteElo "2140"]
[BlackElo "2054"]
[PlyCount "122"]
[EventDate "2024.03.26"]

1. e4 c6 2. Nc3 d5 3. exd5 cxd5 4. d4 Nf6 5. h3 Bf5 6. Bd3 Bxd3 7. Qxd3 Nc6 8. Nf3 e6 9. O-O a6 10. Bf4 Bd6 11. Bxd6 Qxd6 12. Rfe1 O-O 13. Ne5 b5 14. Ng4 Nxg4 15. hxg4 Qf4 16. Rad1 Qxg4 17. Re3 Qg6 18. Qd2 Ne7 19. Ne2 Nf5 20. Rh3 Rfc8 21. c3 Nd6 22. Nf4 Qf5 23. f3 b4 24. Nh5 bxc3 25. bxc3 Rab8 26. g4 Qg6 27. Nf4 Qg5 28. Rh5 Qd8 29. Rh2 Nc4 30. Qd3 g6 31. Rc1 Qg5 32. Ne2 Nb2 33. Qxa6 Qe3+ 34. Kf1 Qxf3+ 35. Rf2 Qh3+ 36. Rg2 Nc4 37. Kg1 Nd2 38. Rg3 Qh4 39. Qd3 Ne4 40. Rg2 Rc4 41. Qf3 Rb2 42. Nf4 Rxg2+ 43. Kxg2 Nf6 44. Nd3 Qxg4+ 45. Qxg4 Nxg4 46. Kf3 Nf6 47. Nc5 Kf8 48. Kf4 Ke7 49. Ke5 Nh5 50. Nxe6 fxe6 51. Rb1 Rc7 52. Rb6 Ng7 53. a4 Kd7 54. Rb3 Ne8 55. a5 Ra7 56. Rb6 Nc7 57. Rd6+ Ke7 58. Rc6 h5 59. Kf4 Kf6 60. Rc5 g5+ 61. Kg3 Ne8 0-1

[Event "FB21 2324 SZ Seeblick Dippoldiswalde - S"]
[Site "?"]
[Date "2024.03.24"]
[Round "7.2"]
[White "Peglau, Dora"]
[Black "Jahn, Constanze"]
[Result "1/2-1/2"]
[WhiteElo "1960"]
[BlackElo "2028"]
[PlyCount "84"]
[EventDate "2024.03.26"]

1. Nf3 Nf6 2. d4 e6 3. c4 b6 4. g3 Ba6 5. Qc2 Be7 6. Bg2 O-O 7. O-O d5 8. Nbd2 Bb7 9. b3 c5 10. dxc5 bxc5 11. cxd5 exd5 12. Bb2 Nbd7 13. Rac1 d4 14. Rfe1 Nd5 15. Nc4 N7b6 16. Qb1 Nxc4 17. Rxc4 Rb8 18. Ne5 f6 19. Nd3 Nb6 20. Rcc1 Bxg2 21. Kxg2 c4 22. bxc4 Nxc4 23. Qa1 Qd5+ 24. Kg1 Nxb2 25. Nxb2 Bb4 26. Red1 Qe4 27. a3 Bc3 28. Qa2+ Kh8 29. Na4 Rfc8 30. Nxc3 Rxc3 31. Rxc3 dxc3 32. Qb3 Qe5 33. Qc4 h6 34. Rc1 Rb2 35. Kf1 c2 36. f3 Qe3 37. Qc8+ Kh7 38. Qf5+ Kg8 39. Qc8+ Kh7 40. Qf5+ Kg8 41. Qc8+ Kf7 42. Qd7+ Kg8 1/2-1/2

[Event "FB21 2324 SZ Seeblick Dippoldiswalde - S"]
[Site "?"]
[Date "2024.03.24"]
[Round "7.3"]
[White "Göhler, Antje"]
[Black "Browning, Rebecca"]
[Result "1/2-1/2"]
[WhiteElo "2058"]
[BlackElo "1949"]
[PlyCount "108"]
[EventDate "2024.03.26"]

1. d4 d5 2. c4 c6 3. Nf3 Nf6 4. Nc3 dxc4 5. a4 Bf5 6. e3 e6 7. Bxc4 Be7 8. O-O O-O 9. Qe2 Bg6 10. Rd1 Nbd7 11. e4 Bb4 12. e5 Nd5 13. Ne4 h6 14. Bd3 Be7 15. Bd2 a5 16. Rac1 Qb6 17. Ng3 Bxd3 18. Qxd3 Nb4 19. Bxb4 Qxb4 20. Rc4 Qb6 21. Ne4 Qa6 22. Rc2 Nb6 23. Qxa6 Rxa6 24. b3 Nd7 25. Nc5 Nxc5 26. dxc5 b6 27. cxb6 Rxb6 28. Rd3 Rfb8 29. Nd2 Bg5 30. Kf1 Bxd2 31. Rdxd2 Rxb3 32. Rc5 Ra8 33. Rxc6 Rb4 34. Ra2 Rd8 35. Rc5 Rd5 36. Rxd5 exd5 37. Ke2 Re4+ 38. Kd3 Kf8 39. f3 Rc4 40. g3 g5 41. Rb2 Rxa4 42. Rb6 Ra3+ 43. Kd4 Rxf3 44. Rxh6 Rf2 45. Kxd5 a4 46. Ra6 Rxh2 47. Rxa4 Kg7 48. Ra7 Re2 49. Kd4 Kg6 50. Ra6+ Kg7 51. Ra7 Kg6 52. Ra6+ Kh5 53. Rf6 Rd2+ 54. Ke4 Kg4 1/2-1/2

[Event "FB21 2324 SZ Seeblick Dippoldiswalde - S"]
[Site "?"]
[Date "2024.03.24"]
[Round "7.4"]
[White "Peglau, Mirjam"]
[Black "Wolf, Sylvia"]
[Result "1-0"]
[WhiteElo "1937"]
[BlackElo "1997"]
[PlyCount "78"]
[EventDate "2024.03.26"]

1. d4 b5 2. e4 Bb7 3. f3 a6 4. a4 b4 5. c3 bxc3 6. bxc3 e6 7. Be3 d5 8. Nd2 Nd7 9. Rb1 Rb8 10. Bd3 c5 11. Bf4 e5 12. dxe5 Qc7 13. exd5 Nxe5 14. Qe2 f6 15. Nc4 Bd6 16. Bxe5 fxe5 17. Nxd6+ Qxd6 18. c4 Kf7 19. Nh3 h6 20. O-O Nf6 21. Qc2 g5 22. Rbe1 Kg7 23. Qc3 Rbe8 24. Nf2 Rhf8 25. Bc2 Bc8 26. Qd3 e4 27. fxe4 Qe5 28. Qe3 Nd7 29. Ng4 Qb2 30. Bd3 Qc3 31. e5 Rf4 32. Rxf4 gxf4 33. Qe4 Qd4+ 34. Qxd4 cxd4 35. e6 Nc5 36. Bf5 h5 37. Ne5 Kf6 38. Bc2 a5 39. Nd3 Ba6 1-0

[Event "FB21 2324 SZ Seeblick Dippoldiswalde - S"]
[Site "?"]
[Date "2024.03.24"]
[Round "7.5"]
[White "Heyme, Sibylle"]
[Black "Peglau, Sarah"]
[Result "1/2-1/2"]
[WhiteElo "1987"]
[BlackElo "1848"]
[PlyCount "146"]
[EventDate "2024.03.26"]

1. Nf3 Nf6 2. c4 c5 3. Nc3 Nc6 4. g3 d5 5. cxd5 Nxd5 6. Bg2 Nc7 7. O-O e5 8. d3 Be6 9. Be3 Qd7 10. a3 f6 11. Re1 Be7 12. Rb1 O-O 13. Qa4 Rab8 14. Rec1 b5 15. Qd1 Nd4 16. Ne4 Bb3 17. Qe1 Nc2 18. Qc3 Nxe3 19. Qxb3+ c4 20. dxc4 Nxg2 21. Kxg2 Qe6 22. Qc2 Rfc8 23. cxb5 Nxb5 24. Qa4 f5 25. Neg5 Qd5 26. e4 fxe4 27. Qxe4 Qxe4 28. Nxe4 Bf6 29. h4 a5 30. g4 Rxc1 31. Rxc1 Nd4 32. g5 Nxf3 33. Kxf3 Be7 34. Rc2 h6 35. Kg4 Rf8 36. f3 Rf4+ 37. Kg3 hxg5 38. Nxg5 Bxg5 39. hxg5 Rf5 40. Rc5 Rxg5+ 41. Kf2 a4 42. Ra5 Rh5 43. Rxa4 Rh2+ 44. Ke3 Rxb2 45. Ke4 Rb3 46. Ra7 Kh7 47. a4 Ra3 48. a5 Kg6 49. a6 Ra5 50. Ra8 Ra3 51. a7 Ra5 52. Kd3 Ra3+ 53. Kc4 Ra4+ 54. Kc5 Ra1 55. Kc6 Ra2 56. Kd6 Ra5 57. Ke6 Ra6+ 58. Kxe5 Ra5+ 59. Kd6 Ra6+ 60. Kc5 Ra1 61. f4 Ra2 62. f5+ Kh7 63. Kd6 Ra6+ 64. Ke7 Ra5 65. Kd7 Ra6 66. Kc7 Ra1 67. Kb6 Rb1+ 68. Kc6 Ra1 69. Kb5 Rb1+ 70. Kc4 Ra1 71. Kd5 Ra5+ 72. Ke6 Ra6+ 73. Ke7 Ra5 1/2-1/2

[Event "FB21 2324 SZ Seeblick Dippoldiswalde - S"]
[Site "?"]
[Date "2024.03.24"]
[Round "7.6"]
[White "Hentschel, Lena"]
[Black "Mai, Iris"]
[Result "1/2-1/2"]
[WhiteElo "1732"]
[BlackElo "1951"]
[PlyCount "156"]
[EventDate "2024.03.26"]

1. d4 Nf6 2. Nf3 b6 3. Bf4 Bb7 4. e3 e6 5. c4 Bb4+ 6. Nc3 Ne4 7. Qc2 Nxc3 8. bxc3 Be7 9. Nd2 d6 10. f3 Nd7 11. Bd3 Bg5 12. Bxg5 Qxg5 13. Nf1 f5 14. e4 O-O 15. Qd2 Qh4+ 16. g3 Qh5 17. Be2 fxe4 18. f4 Qf7 19. Ne3 Nf6 20. Rf1 c5 21. Rd1 cxd4 22. cxd4 d5 23. Qb4 Rfd8 24. c5 bxc5 25. Qxc5 Rdc8 26. Qa3 Rc6 27. Kf2 Qf8 28. Qxf8+ Rxf8 29. Rc1 Rfc8 30. Rxc6 Rxc6 31. Rb1 Rc7 32. Ke1 Kf7 33. Kd2 Ke7 34. Rb3 Bc8 35. Ra3 Bd7 36. Ra6 Bc8 37. Ra5 Bd7 38. Ra6 h5 39. h3 Bc8 40. Ra5 Bd7 41. Ra6 g6 42. a3 Ne8 43. g4 Bc8 44. Ra5 Nf6 45. f5 hxg4 46. hxg4 gxf5 47. gxf5 exf5 48. Nxd5+ Nxd5 49. Rxd5 Be6 50. Re5 Kf6 51. Ra5 f4 52. Ra6 Ke7 53. Ra5 Rd7 54. Kc3 Bd5 55. Bf1 Rc7+ 56. Kd2 Kd6 57. Ra6+ Bc6 58. Ra5 Rb7 59. Kc2 Rh7 60. Rf5 f3 61. Kd2 Rh1 62. Bc4 Ra1 63. Rf6+ Kc7 64. d5 Ba4 65. Ke3 Re1+ 66. Kf2 Rd1 67. Ke3 Bc2 68. Rf7+ Kb6 69. Rf6+ Kc7 70. Rf7+ Kb8 71. Rf8+ Kb7 72. Rf7+ Kb8 73. Rf8+ Kc7 74. Rf7+ Kd6 75. Rxa7 Re1+ 76. Kf2 Rc1 77. Ke3 Re1+ 78. Kf2 Rc1 1/2-1/2

[Event "FB21 2324 TuS Coswig 1920 - SC Kreuzberg"]
[Site "?"]
[Date "2024.03.24"]
[Round "7.1"]
[White "Von Herman, Brigitte"]
[Black "Timme, Karin"]
[Result "0-1"]
[WhiteElo "1936"]
[BlackElo "2060"]
[PlyCount "70"]
[EventDate "2024.??.??"]

1. e4 c6 2. d4 d5 3. exd5 cxd5 4. Bd3 Nc6 5. c3 Qc7 6. h3 Nf6 7. Nf3 g6 8. O-O Bf5 9. Be2 Bg7 10. Re1 h6 11. Be3 Ne4 12. Nbd2 a6 13. Rc1 g5 14. c4 e6 15. b4 Nxb4 16. cxd5 Nc3 17. Rxc3 Qxc3 18. Qa4+ Ke7 19. d6+ Kf6 20. d5 Kg6 21. dxe6 b5 22. Qb3 Qxb3 23. axb3 Bxe6 24. Nd4 Bd5 25. Bf3 Bxf3 26. N2xf3 Rhd8 27. g4 Rxd6 28. Nf5 Re6 29. Rc1 Nd5 30. Bd2 Rd8 31. h4 Nf4 32. h5+ Kh7 33. Bxf4 gxf4 34. Rc7 Kg8 35. Kg2 Rde8 0-1

[Event "FB21 2324 TuS Coswig 1920 - SC Kreuzberg"]
[Site "?"]
[Date "2024.03.24"]
[Round "7.2"]
[White "Richter, Ulrike"]
[Black "Skogvall, Martina"]
[Result "0-1"]
[WhiteElo "1909"]
[BlackElo "1975"]
[PlyCount "84"]
[EventDate "2024.??.??"]

1. c4 g6 2. Nc3 Bg7 3. g3 c5 4. Bg2 Nc6 5. Nf3 Nh6 6. d4 cxd4 7. Bxh6 Bxh6 8. Nxd4 O-O 9. O-O Nxd4 10. Qxd4 Bg7 11. Qd2 d6 12. Rac1 Rb8 13. b3 Bg4 14. h3 Be6 15. Nd5 Qd7 16. Kh2 f5 17. Rfd1 Kh8 18. Nf4 Bf7 19. e4 g5 20. Nd3 fxe4 21. Bxe4 Qe6 22. Bg2 Qf6 23. f4 gxf4 24. Nxf4 Bh6 25. Rf1 e5 26. Qc3 Qg7 27. Rcd1 exf4 28. Qxg7+ Kxg7 29. g4 Rfd8 30. h4 Kg8 31. Kg1 b5 32. cxb5 Rxb5 33. g5 Bg7 34. Rxf4 Be5 35. Ra4 a5 36. Bh3 d5 37. Kf2 d4 38. Bf1 Rc5 39. Bd3 Bh5 40. Rd2 Bf4 41. Rc2 Rxc2+ 42. Bxc2 d3 {0-} 0-1

[Event "FB21 2324 TuS Coswig 1920 - SC Kreuzberg"]
[Site "?"]
[Date "2024.03.24"]
[Round "7.3"]
[White "Bolon, Karelle"]
[Black "Lorenz, Veronika"]
[Result "1-0"]
[WhiteElo "1953"]
[BlackElo "1834"]
[PlyCount "83"]
[EventDate "2024.??.??"]

1. d4 Nf6 2. Nc3 d5 3. Bf4 a6 4. f3 Nh5 5. Bg5 h6 6. Bh4 g5 7. Bf2 Bg7 8. Qd2 Nc6 9. g4 Nf4 10. h4 e6 11. Nh3 Nxh3 12. Rxh3 Bd7 13. e4 Qe7 14. O-O-O dxe4 15. Nxe4 O-O-O 16. hxg5 hxg5 17. Rxh8 Rxh8 18. Be3 f5 19. Nc5 f4 20. Bg1 Rd8 21. Bc4 e5 22. d5 Nd4 23. Qa5 Re8 24. Bxa6 Qd6 25. Nxb7 Qb6 26. Qxb6 cxb6 27. Nd6+ Kd8 28. Bxd4 exd4 29. Nxe8 Bxe8 30. Bd3 Kc7 31. Re1 Kd8 32. Re6 Bf7 33. Rxb6 Kc7 34. Rb5 Be5 35. Be4 Kd6 36. Kd2 Kc7 37. Kd3 Kd6 38. c4 dxc3 39. bxc3 Kc7 40. c4 Be8 41. Rb1 Bf7 42. c5 1-0

[Event "FB21 2324 TuS Coswig 1920 - SC Kreuzberg"]
[Site "?"]
[Date "2024.03.24"]
[Round "7.4"]
[White "Moldenhauer, Antje"]
[Black "Bazzazi, Elnaz"]
[Result "1-0"]
[WhiteElo "1858"]
[BlackElo "1857"]
[PlyCount "101"]
[EventDate "2024.??.??"]

1. e4 e5 2. d4 exd4 3. Qxd4 Nc6 4. Qe3 Nf6 5. Nc3 Bb4 6. Bd2 O-O 7. O-O-O Re8 8. Qg3 Bxc3 9. Bxc3 Rxe4 10. Bd3 Re8 11. Ne2 d5 12. f3 a5 13. Bb5 Nh5 14. Qf2 Re6 15. g4 Nf6 16. Nf4 Rd6 17. g5 Ne8 18. Qg3 d4 19. Bd2 Bf5 20. Rhe1 Ne7 21. Bd3 Bxd3 22. Nxd3 Nd5 23. Ne5 c5 24. h4 f6 25. Ng4 Qd7 26. gxf6 Nexf6 27. Ne5 Qf5 28. Nd3 Rc6 29. Re5 Qd7 30. Rg5 Qc7 31. Ne5 Re6 32. Rg1 Re7 33. h5 h6 34. Rf5 Ra6 35. Bxh6 Ne8 36. Bg5 Ree6 37. Bf4 Nxf4 38. Qxf4 Rf6 39. Rxf6 Rxf6 40. Qg5 Qd6 41. Ng6 Kh7 42. f4 Qe6 43. Kb1 b6 44. Qh4 Nd6 45. Re1 Qc4 46. Qf2 Qd5 47. Qe2 Kh6 48. Ne7 Qf7 49. Ng6 Nf5 50. Qg2 Re6 51. Qg5+ 1-0

[Event "FB21 2324 TuS Coswig 1920 - SC Kreuzberg"]
[Site "?"]
[Date "2024.03.24"]
[Round "7.5"]
[White "Guder, Sibylle"]
[Black "Fruebing, Simone"]
[Result "1-0"]
[WhiteElo "1906"]
[BlackElo "1845"]
[PlyCount "119"]
[EventDate "2024.??.??"]

1. c4 Nf6 2. Nc3 g6 3. g3 Bg7 4. Bg2 O-O 5. e4 d6 6. Nge2 c6 7. O-O Nbd7 8. d3 Qc7 9. Rb1 Ng4 10. h3 Ngf6 11. b4 Rb8 12. b5 c5 13. f4 b6 14. Be3 Bb7 15. Qd2 e5 16. f5 Kh8 17. g4 Ne8 18. Ng3 Kg8 19. Rf2 f6 20. fxg6 hxg6 21. Bh6 Rf7 22. Bxg7 Rxg7 23. Rbf1 Nf8 24. g5 Ne6 25. gxf6 Rf7 26. Nce2 Kh7 27. h4 Bc8 28. Bh3 Nf4 29. Bxc8 Qxc8 30. Nxf4 exf4 31. Rxf4 Nc7 32. R4f2 Ne6 33. Rg2 Qd7 34. Rgf2 Rbf8 35. Ne2 Rg8 36. Nc3 Nd4 37. Qg5 Qh3 38. Nd5 Ne6 39. Qe3 Qxe3 40. Nxe3 g5 41. hxg5 Rxg5+ 42. Rg2 Rg6 43. Nd5 Nd4 44. Kf2 Rh6 45. Rfg1 Rh3 46. Rg7+ Rxg7 47. fxg7 Rf3+ 48. Ke1 Re3+ 49. Nxe3 Nf3+ 50. Kf2 Nxg1 51. Kxg1 Kxg7 52. Kf2 Kf6 53. Ng4+ Ke6 54. Kf3 Ke7 55. Kf4 Ke6 56. Kg5 Ke7 57. Kf5 Kd7 58. Kf6 Kd8 59. Ke6 Kc7 60. Nf6 1-0

[Event "FB21 2324 TuS Coswig 1920 - SC Kreuzberg"]
[Site "?"]
[Date "2024.03.24"]
[Round "7.6"]
[White "Rosner, Andrea"]
[Black "Mazurtsova, Margarita"]
[Result "0-1"]
[WhiteElo "1852"]
[BlackElo "1757"]
[PlyCount "102"]
[EventDate "2024.??.??"]

1. e4 e6 2. d4 d5 3. exd5 exd5 4. Qf3 Nf6 5. Bd3 Be7 6. Ne2 O-O 7. h3 Re8 8. Be3 Ne4 9. Nd2 Nxd2 10. Bxd2 Bf6 11. c3 c6 12. O-O g6 13. Rfe1 Bg7 14. Ng3 Be6 15. Re2 Nd7 16. Rae1 Nf6 17. h4 Qd7 18. h5 Bg4 19. Rxe8+ Rxe8 20. Rxe8+ Qxe8 21. Qf4 Bxh5 22. f3 h6 23. Qc7 Qa8 24. Ne2 g5 25. Bf5 Bg6 26. Bc8 b5 27. g4 Bf8 28. Ng3 Ne8 29. Qd7 Nd6 30. Ba6 Nc4 31. Bc1 Qb8 32. Kf2 Qb6 33. Bb7 Na5 34. Ba8 b4 35. Qe8 bxc3 36. bxc3 Kg7 37. Nh5+ Bxh5 38. gxh5 Qc7 39. Qe5+ Qxe5 40. dxe5 Nc4 41. Bxc6 Nxe5 42. Ke2 Nxc6 43. f4 f6 44. Kf3 Bd6 45. fxg5 fxg5 46. Be3 Kf6 47. Bg1 Kf5 48. Ke2 Ke4 49. Be3 d4 50. cxd4 Nxd4+ 51. Kf2 Bf4 0-1